Statistics for Countries with the Highest Suicide Rates

Click here to take the quiz!

General Stats

  • This quiz has been taken 43 times
  • The average score is 22 of 51

Answer Stats

RankCountrySuicides per 100,000 per year% Correct
48United States12.6
95%
17Russia17.9
90%
10South Korea24.1
87%
26Japan15.4
85%
21Ukraine16.6
82%
35Finland14.2
77%
15Poland18.5
74%
46Sweden12.7
72%
8Lithuania26.1
72%
33Estonia14.9
72%
24India16.0
72%
14Belarus19.1
69%
20Latvia17.4
69%
23Belgium16.1
56%
25Hungary15.7
56%
28North Korea15.2
54%
3Mongolia28.1
54%
46Thailand12.7
51%
4Kazakhstan27.5
51%
38Argentina13.9
46%
31Slovenia15.0
44%
1Sri Lanka36.4
44%
37Laos14.0
38%
30Nigeria15.1
38%
48Uganda12.6
33%
44Cambodia12.8
33%
44Ethiopia12.8
33%
40Eritrea13.2
33%
28Uruguay15.2
31%
13Central African Republic19.6
31%
19Cameroon17.5
28%
5Côte d'Ivoire27.2
28%
43Mozambique12.9
28%
39Lesotho13.6
28%
48Botswana12.6
28%
16Zimbabwe18.0
28%
35Chad14.2
28%
11Sierra Leone22.1
26%
12Bolivia20.5
26%
31Benin15.0
26%
6Suriname26.9
26%
2Guyana30.6
26%
48Rwanda12.6
26%
9Angola25.9
23%
42Burundi13.0
23%
26Togo15.4
23%
22Burkina Faso16.5
23%
17Swaziland17.9
21%
34Kiribati14.8
10%
40Trinidad and Tobago13.2
10%
7Equatorial Guinea26.6
8%

Score Distribution

Percentile by Number Answered

Percent of People with Each Score

Your Score History

You have not taken this quiz